000 00869nam a2200217Ii 4500
003 JO-AjNU
008 230605s9999||||xx |||||||||||||| ||und||
017 _a1984/5/207
040 _aJO-AjNU
_bara
_erda
_cJO-AjNU
041 _aara
050 1 4 _aPJ6101.I86 2005
100 3 _aتاليف السنوي،جمال الدين؛حققه محمد حسن عواد,
_eauthor
_924329
245 0 0 _aالكوكب الدري فيما يتخرج على الأصول النحوية من الفروع الفقهية، القسم الاول
250 _aط1
264 3 1 _aعمان: دار عمار للنشر والتوزيع، 2005
300 _aالقسم الاول، 432ص
336 _atext
_btxt
_2rdacontent
337 _aunmediated
_bn
_2rdamedia
338 _avolume
_bnc
_2rdacarrier
650 4 _aاللغة العربية-النحو-الفروع الفقهية
_924330
999 _aA8941
_c12509
_d12509